[Event "WchT Seniors 50"]
[Site "Prague"]
[Date "2020.03.11"]
[Round "6.4"]
[White "Danek, Pavel"]
[Black "Bjorgvik, Jan Arne"]
[Result "0-1"]
[WhiteElo "1882"]
[BlackElo "1733"]
[PlyCount "120"]
[EventDate "2020.03.06"]
[EventType "team-swiss"]
[EventRounds "7"]
[EventCountry "CZE"]
[SourceTitle "CBM 195 Extra"]
[Source "ChessBase"]
[SourceDate "2020.05.31"]
[SourceVersion "1"]
[SourceVersionDate "2020.05.31"]
[SourceQuality "1"]
[WhiteTeam "Czech Republic 50 IX"]
[BlackTeam "Norway 50"]
[WhiteTeamCountry "CZE"]
[BlackTeamCountry "NOR"]

1. e4 c5 2. Nc3 g6 3. f4 Bg7 4. Nf3 Nc6 5. Bc4 e6 6. 0-0 Nge7 7. a3 a6 8. Qe1 b5 9. Ba2 Nd4 10. Nxd4 cxd4 11. Ne2 Qc7 12. Bb3 Nc6 13. d3 Na5 14. Bd2 Nxb3 15. cxb3 a5 16. f5 Be5 17. fxe6 dxe6 18. Rc1 Qb6 19. Bh6 Bb7 20. Qf2 f5 21. Nf4 Rg8 22. Nh3 Rd8 23. Bf4 Qd6 24. Bxe5 Qxe5 25. Qf4 Qxf4 26. Nxf4 Ke7 27. e5 Rd7 28. Rc5 Rgd8 29. Rfc1 g5 30. Nh5 Rd5 31. Nf6 Rxe5 32. Rxe5 Kxf6 33. Rxb5 Ba6 34. Rxa5 Bxd3 35. Rd1 Bc2 36. Rd2 Bxb3 37. Rb5 Ba2 38. a4 e5 39. Rb6+ Be6 40. a5 e4 41. a6 e3 42. Rd3 Ke5 43. a7 Rc8 44. Rxe6+ Kxe6 45. Kf1 Ke5 46. Ke2 Ke4 47. Ra3 Ra8 48. b4 f4 49. b5 Kd5 50. b6 Kc6 51. Rb3 Kb7 52. Kd3 Rd8 53. Ra3 g4 54. Ke2 Rf8 55. Ra1 f3+ 56. gxf3 gxf3+ 57. Kd3 e2 58. Kd2 Re8 59. Ke1 d3 60. Rb1 d2+ 0-1

[Event "WchT Seniors 50"]
[Site "Prague"]
[Date "2020.03.06"]
[Round "1.17"]
[White "Bjorgvik, Jan Arne"]
[Black "Haentsch, Ralf"]
[Result "0-1"]
[WhiteElo "1733"]
[BlackElo "2087"]
[PlyCount "126"]
[EventDate "2020.03.06"]
[EventType "team-swiss"]
[EventRounds "7"]
[EventCountry "CZE"]
[SourceTitle "CBM 195 Extra"]
[Source "ChessBase"]
[SourceDate "2020.05.31"]
[SourceVersion "1"]
[SourceVersionDate "2020.05.31"]
[SourceQuality "1"]
[WhiteTeam "Norway 50"]
[BlackTeam "Germany 50 III"]
[WhiteTeamCountry "NOR"]
[BlackTeamCountry "GER"]

1. e4 e5 2. Nf3 Nc6 3. Bb5 a6 4. Ba4 Nf6 5. d3 b5 6. Bb3 Be7 7. 0-0 0-0 8. a3 d6 9. h3 Na5 10. Ba2 c5 11. Be3 Bb7 12. Nbd2 Qc7 13. Rc1 d5 14. exd5 Bxd5 15. Bxd5 Nxd5 16. Qe2 h6 17. Nb3 Nb7 18. Bd2 f6 19. Qe4 Nb6 20. Qg6 Bd6 21. Bxh6 Qf7 22. Qxf7+ Rxf7 23. Be3 Na4 24. Rb1 Rc8 25. Bd2 c4 26. dxc4 bxc4 27. Na5 c3 28. Nxb7 Rxb7 29. bxc3 Rbc7 30. Rb3 Nxc3 31. Rb6 Ne2+ 32. Kh1 Bxa3 33. Rxa6 Bb2 34. Re1 Nd4 35. Nxd4 Bxd4 36. Be3 Rxc2 37. Bxd4 Rc1 38. Ra1 Rxe1+ 39. Rxe1 exd4 40. Rd1 Rd8 41. Kh2 Kf7 42. Kg3 Ke6 43. Kf3 Kd5 44. Rc1 Re8 45. Rc7 g6 46. Rd7+ Kc5 47. Rc7+ Kd6 48. Rc4 Kd5 49. Rc7 Re6 50. Rd7+ Kc4 51. Rc7+ Kb3 52. Rd7 Kc3 53. Rc7+ Kd2 54. Rd7 d3 55. h4 Kc2 56. Rc7+ Kd1 57. g4 d2 58. Rd7 Ke1 59. h5 g5 60. h6 d1Q+ 61. Rxd1+ Kxd1 62. Kg3 Ke2 63. h7 Re8 0-1

[Event "WchT Seniors 65"]
[Site "Rhodes"]
[Date "2019.04.24"]
[Round "9.7"]
[White "Just, Joachim"]
[Black "Bjorgvik, Jan Arne"]
[Result "1/2-1/2"]
[WhiteElo "1970"]
[BlackElo "1779"]
[PlyCount "138"]
[EventDate "2019.04.16"]
[EventType "team-swiss"]
[EventRounds "9"]
[EventCountry "GRE"]
[SourceTitle "CBM 190 Extra"]
[Source "ChessBase"]
[SourceDate "2019.07.15"]
[SourceVersion "1"]
[SourceVersionDate "2019.07.15"]
[SourceQuality "1"]
[WhiteTeam "Stiftung BSW/DBAG"]
[BlackTeam "Norway"]
[WhiteTeamCountry "GER"]
[BlackTeamCountry "NOR"]

1. Nf3 d5 2. d4 e6 3. c3 Nf6 4. Bg5 Be7 5. Nbd2 h6 6. Bxf6 Bxf6 7. e4 dxe4 8. Nxe4 0-0 9. Bd3 Be7 10. 0-0 Nd7 11. Re1 Nf6 12. Qe2 c6 13. Rad1 Qc7 14. Ne5 Nd7 15. f4 c5 16. Kh1 Nxe5 17. fxe5 cxd4 18. cxd4 Bd7 19. Qg4 f5 20. exf6 Bxf6 21. Qg6 Be8 22. Qg4 Bxd4 23. Ng5 hxg5 24. Qxd4 Bf7 25. Qe4 g6 26. Rf1 Rad8 27. Qg4 Qe5 28. Bc4 Kg7 29. Rxd8 Rxd8 30. Qf3 Rd7 31. Qb3 b6 32. Qf3 Qxb2 33. Qc6 Qd4 34. Bb5 Rd8 35. Qc7 Rf8 36. Qe7 Qc5 37. Qd7 Qd5 38. Rd1 Qxd7 39. Rxd7 a6 40. Bxa6 Ra8 41. Bc4 Rc8 42. Bf1 Rc1 43. Kg1 e5 44. Kf2 Kf8 45. Bd3 Rc5 46. Ke3 Bxa2 47. Rd6 Rc3 48. Kd2 Rb3 49. Bc2 Rb4 50. Rxg6 g4 51. Rg5 Rf4 52. Rxe5 Rf2+ 53. Re2 Rxe2+ 54. Kxe2 b5 55. Ke3 b4 56. Kf4 b3 57. Bxb3 Bxb3 58. Kxg4 Kg7 59. Kg5 Bc2 60. g3 Bd3 61. h3 Bc2 62. g4 Bg6 63. Kf4 Kh6 64. h4 Be8 65. Ke5 Bd7 66. g5+ Kh5 67. Kf6 Kxh4 68. g6 Ba4 69. g7 Bb3 1/2-1/2

[Event "WchT Seniors 65"]
[Site "Rhodes"]
[Date "2019.04.22"]
[Round "7.11"]
[White "Lynch, Peter J"]
[Black "Bjorgvik, Jan Arne"]
[Result "0-1"]
[WhiteElo "1696"]
[BlackElo "1779"]
[PlyCount "92"]
[EventDate "2019.04.16"]
[EventType "team-swiss"]
[EventRounds "9"]
[EventCountry "GRE"]
[SourceTitle "CBM 190 Extra"]
[Source "ChessBase"]
[SourceDate "2019.07.15"]
[SourceVersion "1"]
[SourceVersionDate "2019.07.15"]
[SourceQuality "1"]
[WhiteTeam "Ireland II"]
[BlackTeam "Norway"]
[WhiteTeamCountry "IRL"]
[BlackTeamCountry "NOR"]

1. e4 c6 2. c4 d5 3. exd5 cxd5 4. cxd5 Qxd5 5. Nc3 Qd8 6. d4 e6 7. Nf3 Nc6 8. Bc4 Nf6 9. a3 h6 10. 0-0 Be7 11. Re1 0-0 12. Bf4 a6 13. d5 exd5 14. Nxd5 Nxd5 15. Bxd5 Bf6 16. Qd2 Nd4 17. Rad1 Qxd5 18. Nxd4 Bg4 19. f3 Rad8 20. Re4 Bf5 21. Nxf5 Qxf5 22. Bd6 Rd7 23. Qc2 Be7 24. Bxe7 Rxe7 25. Rdd4 Rc8 26. Rc4 Rxc4 27. Qxc4 Rxe4 28. Qxe4 Qc5+ 29. Kf1 Qc1+ 30. Qe1 Qc4+ 31. Qe2 Qc6 32. Kf2 a5 33. Qe4 Qb6+ 34. Kg3 Kf8 35. b4 axb4 36. Qxb4+ Qxb4 37. axb4 Ke7 38. Kf4 Kd6 39. Ke4 Kc6 40. Kd4 Kb5 41. Kc3 Ka4 42. h4 g6 43. g4 g5 44. hxg5 hxg5 45. Kc4 b6 46. Kc3 b5 0-1

[Event "Arco op 38th"]
[Site "Arco"]
[Date "2016.10.15"]
[Round "8"]
[White "Anrather, Eva"]
[Black "Bjorgvik, Jan Arne"]
[Result "0-1"]
[WhiteElo "1633"]
[BlackElo "1805"]
[PlyCount "40"]
[EventDate "2016.10.08"]
[EventType "swiss"]
[EventRounds "9"]
[EventCountry "ITA"]
[SourceTitle "EXT 2017"]
[Source "ChessBase"]
[SourceDate "2016.10.25"]
[SourceVersion "1"]
[SourceVersionDate "2016.10.25"]
[SourceQuality "1"]

1. e4 c6 2. Nc3 d5 3. exd5 cxd5 4. d4 Nf6 5. Nf3 e6 6. Bb5+ Bd7 7. Bd3 h6 8. 0-0 Nc6 9. a3 a6 10. h3 Bd6 11. Re1 0-0 12. Ne5 Nxd4 13. Nxd7 Qxd7 14. Bxa6 Nxc2 15. Bxb7 Nxa1 16. Bxa8 Rxa8 17. Bd2 d4 18. Ne4 Nxe4 19. Rxe4 Qc6 20. Qg4 f5 0-1

[Event "Arco op 38th"]
[Site "Arco"]
[Date "2016.10.11"]
[Round "4"]
[White "Chiodini, Pietro"]
[Black "Bjorgvik, Jan Arne"]
[Result "0-1"]
[WhiteElo "1579"]
[BlackElo "1805"]
[PlyCount "58"]
[EventDate "2016.10.08"]
[EventType "swiss"]
[EventRounds "9"]
[EventCountry "ITA"]
[SourceTitle "EXT 2017"]
[Source "ChessBase"]
[SourceDate "2016.10.25"]
[SourceVersion "1"]
[SourceVersionDate "2016.10.25"]
[SourceQuality "1"]

1. e4 d5 2. exd5 Qxd5 3. Nc3 Qd8 4. d4 e6 5. Nf3 Nf6 6. Ne5 Nbd7 7. f4 Bb4 8. Bc4 Nxe5 9. fxe5 Ne4 10. 0-0 Nxc3 11. bxc3 Bxc3 12. Qf3 Bxd4+ 13. Kh1 Qe7 14. Qg3 Bxa1 15. Qxg7 Qf8 16. Qf6 Rg8 17. Ba3 Bxe5 18. Qf3 Bd6 19. Bb5+ Bd7 20. Qxb7 Rd8 21. Bb2 Qh6 22. h3 Bxb5 23. Qxb5+ Kf8 24. Qe2 Be7 25. Bc1 Qg6 26. Qf3 f6 27. g4 h5 28. Qc6 hxg4 29. Qxc7 gxh3 0-1

[Event "Fagernes Norsk op-B"]
[Site "Fagernes"]
[Date "2015.03.29"]
[Round "2"]
[White "Bjorgvik, Jan Arne"]
[Black "Machlik, Endre"]
[Result "0-1"]
[WhiteElo "1833"]
[BlackElo "2036"]
[PlyCount "96"]
[EventDate "2015.03.29"]
[EventType "swiss"]
[EventRounds "9"]
[EventCountry "NOR"]
[SourceTitle "EXT 2016"]
[Source "ChessBase"]
[SourceDate "2015.10.08"]
[SourceVersion "1"]
[SourceVersionDate "2015.10.08"]
[SourceQuality "1"]

1. e4 c6 2. d4 d5 3. exd5 cxd5 4. Nf3 Bg4 5. Be2 Nc6 6. 0-0 Nf6 7. h3 Bh5 8. c3 e6 9. Re1 Bd6 10. Ne5 Bxe2 11. Qxe2 0-0 12. Bg5 Qc7 13. Bxf6 gxf6 14. Ng4 f5 15. Ne5 Bxe5 16. dxe5 b5 17. Qe3 Kh8 18. Qh6 Rg8 19. Qf6+ Rg7 20. Nd2 b4 21. Re3 Kg8 22. Nf3 Qb7 23. cxb4 d4 24. Rb3 Rg6 25. Qh4 Nxe5 26. Qf4 Nxf3+ 27. Qxf3 Qe4 28. Rd1 e5 29. Kf1 Rc8 30. Re1 Qxf3 31. Rxf3 f6 32. a4 Rc2 33. Re2 Rc4 34. Rb3 e4 35. Rd2 Rc1+ 36. Ke2 d3+ 37. Ke3 Rxg2 38. Rc3 Re1+ 39. Kd4 e3 40. Rdxd3 exf2 41. Rf3 f1Q 42. Rxf1 Rxf1 43. Rc8+ Kf7 44. Rc7+ Kg6 45. Rxa7 Rc2 46. b3 Rd1+ 47. Ke3 Rc3+ 48. Ke2 Ra1 0-1

[Event "Nordic-ch Seniors"]
[Site "Bornholm"]
[Date "2013.09.14"]
[Round "7"]
[White "Flodmark, Tarras"]
[Black "Bjorgvik, Jan Arne"]
[Result "1/2-1/2"]
[WhiteElo "1900"]
[BlackElo "1840"]
[PlyCount "134"]
[EventDate "2013.09.07"]
[EventType "swiss"]
[EventRounds "9"]
[EventCountry "DEN"]
[SourceTitle "CBM 156 Extra"]
[Source "ChessBase"]
[SourceDate "2013.10.22"]
[SourceVersion "1"]
[SourceVersionDate "2013.10.22"]
[SourceQuality "1"]

1. d4 d5 2. Nf3 e6 3. c4 Nf6 4. e3 Be7 5. Nc3 0-0 6. Bd3 c6 7. b3 Re8 8. 0-0 b6 9. Bb2 Bb7 10. e4 dxe4 11. Nxe4 c5 12. Qe2 Qc7 13. dxc5 bxc5 14. Nxf6+ gxf6 15. Be4 Nd7 16. Rad1 Nf8 17. Bxb7 Qxb7 18. Nd2 Ng6 19. Ne4 e5 20. Bc1 f5 21. Nd6 Bxd6 22. Rxd6 Red8 23. Rfd1 Rxd6 24. Rxd6 a5 25. Qd1 f4 26. Qd5 Qxd5 27. Rxd5 a4 28. Rxc5 axb3 29. a3 Ne7 30. Kf1 f6 31. Ke2 Nf5 32. Bb2 Nd4+ 33. Kd3 Nc2 34. Kc3 Nd4 35. Rc7 Rb8 36. a4 Ne6 37. Rc6 Kf7 38. a5 e4 39. Rb6 Ra8 40. Rb5 e3 41. fxe3 fxe3 42. Kd3 Rc8 43. Kxe3 Rxc4 44. Rxb3 Rc8 45. Rb7+ Kg6 46. Bd4 Nxd4 47. Kxd4 Rc2 48. g3 Rxh2 49. Kc5 Ra2 50. Kb6 h5 51. a6 Rb2+ 52. Kc7 Ra2 53. a7 Kf5 54. Kb8 Kg4 55. Rb3 f5 56. Kb7 f4 57. gxf4 Kxf4 58. Rb6 Rxa7+ 59. Kxa7 h4 60. Rh6 Kg4 61. Kb6 h3 62. Kc5 Kg3 63. Rg6+ Kf3 64. Rh6 Kg2 65. Kd4 h2 66. Ke3 h1Q 67. Rxh1 Kxh1 1/2-1/2

[Event "Nordic-ch Seniors"]
[Site "Bornholm"]
[Date "2013.09.07"]
[Round "1"]
[White "Lykke, Hans Christian"]
[Black "Bjorgvik, Jan Arne"]
[Result "0-1"]
[WhiteElo "1252"]
[BlackElo "1840"]
[PlyCount "62"]
[EventDate "2013.09.07"]
[EventType "swiss"]
[EventRounds "9"]
[EventCountry "DEN"]
[SourceTitle "CBM 156 Extra"]
[Source "ChessBase"]
[SourceDate "2013.10.22"]
[SourceVersion "1"]
[SourceVersionDate "2013.10.22"]
[SourceQuality "1"]

1. d4 d5 2. Nc3 e6 3. e4 dxe4 4. f3 c5 5. d5 exd5 6. Nxd5 Be6 7. Bb5+ Nc6 8. c4 a6 9. Ba4 Nf6 10. Bxc6+ bxc6 11. Qa4 Bxd5 12. cxd5 Qxd5 13. Bf4 exf3 14. Nxf3 Bd6 15. 0-0 Bxf4 16. Rfe1+ Kf8 17. Qxf4 Rd8 18. Re5 Qd6 19. Qa4 g6 20. Qxa6 Kg7 21. Qc4 Nd5 22. Rae1 h6 23. Qc1 Nb4 24. Re7 Nd3 25. Qc3+ Qf6 26. R1e6 Qxc3 27. bxc3 Ra8 28. Ne5 Nxe5 29. Rxe5 Rxa2 30. Rxc5 Rd8 31. Re1 Rdd2 0-1

[Event "EU-chT Seniors 12th"]
[Site "Dresden"]
[Date "2010.02.10"]
[Round "1"]
[White "Carlsten, Peter"]
[Black "Bjorgvik, Jan Arne"]
[Result "1-0"]
[WhiteElo "2133"]
[BlackElo "1921"]
[PlyCount "91"]
[EventDate "2010.02.10"]
[EventType "team-swiss"]
[EventRounds "9"]
[EventCountry "GER"]
[SourceTitle "CBM 134 Extra"]
[Source "ChessBase"]
[SourceDate "2010.03.03"]
[SourceVersion "1"]
[SourceVersionDate "2010.03.03"]
[SourceQuality "1"]
[WhiteTeam "Sweden (Seniors) II"]
[BlackTeam "Trondergutan (Seniors)"]
[WhiteTeamCountry "SWE"]
[BlackTeamCountry "NOR"]

1. e4 c6 2. d4 d5 3. exd5 cxd5 4. Bd3 Nf6 5. c3 Nc6 6. Bf4 e6 7. Nf3 Bd6 8. Bxd6 Qxd6 9. 0-0 0-0 10. Re1 Re8 11. Ne5 Nd7 12. Bxh7+ Kf8 13. Qh5 Ndxe5 14. dxe5 Qc7 15. Bd3 Ke7 16. Qg5+ Kf8 17. Re3 Qd8 18. Qh5 Ke7 19. Rf3 f5 20. exf6+ gxf6 21. Qh4 Rf8 22. Nd2 Ne5 23. Qb4+ Qd6 24. Qxd6+ Kxd6 25. Rg3 Nxd3 26. Rxd3 Bd7 27. c4 Bc6 28. cxd5 exd5 29. Nf3 Rae8 30. Nd4 f5 31. h4 Re4 32. g3 f4 33. Rad1 Rfe8 34. Kg2 a6 35. Kf3 fxg3 36. fxg3 Bd7 37. Kg2 Rf8 38. R1d2 Bg4 39. Nf3 Rf5 40. Nh2 Be2 41. Rb3 b5 42. Nf3 Bc4 43. Rc3 b4 44. Rc1 Bxa2 45. Nd4 Rf6 46. b3 1-0

[Event "EU-chT Seniors 11th"]
[Site "Velden"]
[Date "2009.04.11"]
[Round "7"]
[White "Bjorgvik, Jan Arne"]
[Black "Wicklund Hansen, Richard"]
[Result "0-1"]
[WhiteElo "1946"]
[BlackElo "1840"]
[PlyCount "90"]
[EventDate "2009.04.05"]
[EventType "team-swiss"]
[EventRounds "9"]
[EventCountry "AUT"]
[SourceTitle "CBM 129 Extra"]
[Source "ChessBase"]
[SourceDate "2009.05.05"]
[SourceVersion "2"]
[SourceVersionDate "2009.05.20"]
[SourceQuality "1"]

1. e4 e5 2. Nf3 Nc6 3. Nc3 Nf6 4. d4 Bb4 5. a3 Bxc3+ 6. bxc3 Nxe4 7. Qe2 d5 8. Nxe5 Nxe5 9. dxe5 Nxc3 10. Qf3 Ne4 11. Be2 Qe7 12. Bb2 h5 13. h3 c6 14. Kd1 Qg5 15. Bc3 Nxc3+ 16. Qxc3 Qxg2 17. Qf3 Qxf3 18. Bxf3 Be6 19. a4 g6 20. Rb1 0-0-0 21. Kd2 Rhe8 22. Be2 d4 23. Rb2 Rd5 24. f4 Ra5 25. Bf3 Bd5 26. Bxd5 Rxd5 27. h4 Red8 28. Kd3 c5 29. Rhb1 R8d7 30. Rg1 c4+ 31. Kxc4 d3 32. c3 d2 33. Rd1 Rd3 34. Kb3 Rf3 35. Rbxd2 Rxd2 36. Rxd2 Rxf4 37. Rh2 Kd7 38. Rd2+ Ke7 39. Rd5 Rxh4 40. Rb5 b6 41. a5 Re4 42. a6 Re1 43. Ka2 Rd1 44. Rxb6 axb6 45. a7 Rd8 0-1